समाजाला एकत्रित बांधणारा भक्तीमार्ग (Record no. 49450)
[ view plain ]
| 000 -LEADER | |
|---|---|
| fixed length control field | 00464nam a2200133Ia 4500 |
| 008 - FIXED-LENGTH DATA ELEMENTS--GENERAL INFORMATION | |
| fixed length control field | 220805s9999 xx 000 0 und d |
| 041 ## - LANGUAGE CODE | |
| Language code of text/sound track or separate title | mar |
| 100 ## - MAIN ENTRY--PERSONAL NAME | |
| Personal name | सबनीस, मिलिंद |
| 9 (RLIN) | 90056 |
| 260 ## - PUBLICATION, DISTRIBUTION, ETC. (IMPRINT) | |
| Place of publication, distribution, etc. | Pune |
| Name of publisher, distributor, etc. | Bhartiya vichar sadhana prakashan |
| Date of publication, distribution, etc. | 2022 |
| 245 ## - TITLE STATEMENT | |
| Title | समाजाला एकत्रित बांधणारा भक्तीमार्ग |
| 250 ## - EDITION STATEMENT | |
| Edition statement | 1 |
| 300 ## - PHYSICAL DESCRIPTION | |
| Extent | 36 |
| 700 ## - ADDED ENTRY--PERSONAL NAME | |
| Personal name | निपानेकर, विजय |
| 9 (RLIN) | 90057 |
| Withdrawn status | Lost status | Source of classification or shelving scheme | Damaged status | Not for loan | Home library | Current library | Date acquired | Vendor | Cost, normal purchase price | Full call number | Barcode | Date last seen | Bill Date | Koha item type | Original Barcode |
|---|---|---|---|---|---|---|---|---|---|---|---|---|---|---|---|
| Dewey Decimal Classification | Manilal Nanavati Vocational Training Institute Pune | Manilal Nanavati Vocational Training Institute Pune | 09/08/2022 | Donated | 40.00 | /SAB/DB102 | MNVT-DB-102 | 09/08/2022 | 09/08/2022 | Donated Book | DB102 |